Lou! personnages par images - Statistiques

Statistiques générales
  • Ce quiz a été pris 31 fois
    7 depuis la dernière actualisation
  • Le résultat moyen est 10 sur 12
Statistiques - réponses
Par images Réponse % Correct
fulgor
100%
lou
100%
mina
100%
paul
100%
richard
100%
tristan
100%
le chat
83%
maman de lou
83%
mamie lou
83%
marie-emilie
83%
dazzler
33%
mister juice
33%
Aucun quiz correspondant
Distribution des résultats
% des personnes avec chaque résultat
Percentile par nombre de réponses
Votre historique - résultats
Vous n’avez pas pris ce quiz depuis la dernière actualisation